000 00563nam a2200181 a 4500
001 34798
005 20180714003008.0
008 140415s1967 sp 000 0 spa d
041 _aspa
082 _a338.9
_bEGN
100 1 _aEGNER, ERICH
245 1 0 _aPOLITICA REGIONAL Y DESARROLLO ECONOMICO
250 _a1a ed.
260 _aESPAÑA :
_bEDICIONES DEUSTO,
_c1967
490 _aESTUDIOS SOBRE LA ECONOMIA IBEROAMERICANA
_v3
500 _aESTUDIOS SOBRE LA ECONOMÍA IBEROAMERICANA; 3
650 1 4 _aDESARROLLO ECONOMICO
_xPOLITICA ECONOMICA
999 _c34798
_d34798